| 000 | 03030cam a2200541 i 4500 | ||
|---|---|---|---|
| 001 | 21765968 | ||
| 003 | OSt | ||
| 005 | 20260303114402.0 | ||
| 008 | 201022s2021 enka b 001 0 eng d | ||
| 010 | _a 2020948768 | ||
| 015 |
_aGBC0F4236 _2bnb |
||
| 016 | 7 |
_a019971012 _2Uk |
|
| 020 |
_a9781789667530 _q(hardback) |
||
| 020 |
_a1789667534 _q(hardback) |
||
| 020 |
_a9781789667516 _q(paperback) |
||
| 020 |
_a1789667518 _q(paperback) |
||
| 020 | _z9781789667523 (PDF ebook) | ||
| 035 | _a21765968 | ||
| 035 | _a(OCoLC)1202970517 | ||
| 040 |
_aUKMGB _beng _cUKMGB _erda _dOCLCO _dOCLCF _dYDX _dNZTOI _dYDX _dHHO _dDLC |
||
| 042 | _alccopycat | ||
| 050 | 0 | 0 |
_aHF5657.4 _b.B366 2021 |
| 082 | 0 | 4 |
_a658.1511 _223 |
| 100 | 1 |
_aBamber, Matt, _eauthor. |
|
| 245 | 1 | 0 |
_aAccounting and finance for managers : _ba business decision making approach / _cMatt Bamber and Simon Parry. |
| 250 | _aThird edition. | ||
| 264 | 1 |
_aLondon : _bKoganPage, _cc2021. |
|
| 300 |
_axi, 449 pages : _billustrations (black and white) ; _c24 cm |
||
| 336 |
_atext _2rdacontent |
||
| 336 |
_astill image _2rdacontent |
||
| 337 |
_aunmediated _2rdamedia |
||
| 338 |
_avolume _2rdacarrier |
||
| 500 | _aPrevious edition: 2018. | ||
| 504 | _aIncludes bibliographical references and index. | ||
| 505 | 0 | _aChapter 1: Introduction to accounting -- Chapter 2: Accounting concepts and systems -- Chapter 3: Financial analysis: part I -- Chapter 4: Financial analysis: part II -- Chapter 5: Business planning -- Chapter 6: Budgets and performance management -- Chapter 7: Cash flow and working capital management -- Chapter 8: Pricing decisions -- Chapter 9: Investment decisions -- Chapter 10: Financing decisions -- Chapter 11: Operational decisions. | |
| 520 | _a"Now in its third edition, Accounting and Finance for Managers contains updates on new accounting standards and regulations, as well as featuring up-to-date real-world examples of real options, value chain analysis and competitive advantage analysis. This textbook features 'traditional' accounting practices in detail, but also covers topics with a strategic focus to ensure students learn to think in broader strategic terms. Written for an international audience using International Financial Reporting Standards (IFRS) terminology with supporting online resources including additional exercise questions, curated further reading and lecture slides for each chapter." -- provided by publisher. | ||
| 650 | 0 |
_aManagerial accounting _xDecision making. |
|
| 650 | 0 |
_aBusiness enterprises _xFinance. |
|
| 650 | 7 |
_aBusiness enterprises _xFinance. _2fast _0(OCoLC)fst00842558 |
|
| 650 | 7 |
_aManagerial accounting _xDecision making. _2fast _0(OCoLC)fst01007324 |
|
| 700 | 1 |
_aParry, Simon, _eauthor. |
|
| 760 | _b3rd | ||
| 776 | 0 | 8 |
_iebook version : _z9781789667523 |
| 906 |
_a7 _bcbc _ccopycat _d2 _encip _f20 _gy-gencatlg |
||
| 942 |
_2lcc _cBK _nLK |
||
| 999 |
_c5991 _d5991 |
||